Cattle rearing on estates (Record no. 55231)

MARC details
000 -LEADER
fixed length control field 00255nam a2200109Ia 4500
100 ## - MAIN ENTRY--AUTHOR NAME
Personal name Crawford Hunter
245 #0 - TITLE STATEMENT
Title Cattle rearing on estates
260 ## - PUBLICATION, DISTRIBUTION, ETC. (IMPRINT)
Name of publisher Planter
Year of publication 1954
300 ## - PHYSICAL DESCRIPTION
Number of Pages 256-261
942 ## - ADDED ENTRY ELEMENTS (KOHA)
Koha item type Journals
Holdings
Withdrawn status Lost status Damaged status Not for loan Home library Current library Shelving location Date acquired Serial Enumeration / chronology Koha item type
      Journals RRII Library RRII Library Rubber general 17/12/2021 Volume 30, Issue 4 Journals